Discrete Fourier transforms and their applications

Αποθηκεύτηκε σε:
Λεπτομέρειες βιβλιογραφικής εγγραφής
Κύριος συγγραφέας: Cizek, Vaclav
Μορφή: Βιβλίο
Γλώσσα:English
Δημοσίευση: Bristol, England : Boston : Adam Hilger, c1986
Θέματα:
Ετικέτες: Προσθήκη ετικέτας
Δεν υπάρχουν, Καταχωρήστε ετικέτα πρώτοι!

MARC

LEADER 00000nam a2200000 i 4500
001 1/54652
008 941103s1986 eng d
020 |a 0852748000 
035 |l 10045059 
035 |a 1993  |c ΣΕΙΜΕΝΗΣ 
035 |a 1993  |c ΦΛΕΣΣΑΣ 
040 |a GR-MY-UA  |b gre  |e aacr 
041 0 |a eng 
082 0 |a 515.723  |2 (19) 
100 1 |a Cizek, Vaclav. 
245 1 0 |a Discrete Fourier transforms and their applications /  |c Vaclav Cizek ; [translation, Jaroslav Jirat] 
260 |a Bristol, England :   |a Boston :   |b Adam Hilger,   |c c1986 
300 |a 141 p.;  |b ill.;  |c 24 cm 
500 |a Translation of: Diskretni Fourierova transformace a jeji pouιziti 
500 |a Includes index 
504 |a Bibliography: p. 136-139 
650 0 0 |a Fourier transformations. 
852 |a INST  |b SAMOS  |e 19941103  |h 515.723 CIZ  |p 005300003103  |q 005300003103  |t BK  |y 0 
852 |a INST  |b SAMOS  |e 19941103  |h 515.723 CIZ  |p 005300010224  |q 005300010224  |t BK  |y 0 
909 |a Σ  |b 025449 
909 |a Σ  |b 031650